| 000 | 00486cam a22001217a 4500 | ||
|---|---|---|---|
| 008 | 180718b1982 xxu||||| |||| 00| 0 eng d | ||
| 082 | _aA81x54 In2/81/17/Pt13A&B/S | ||
| 100 | _aCensus of India 1981 | ||
| 245 | _aPunjab district census handbook, Sangrur: village and town directory, village and townwise primary census abstract | ||
| 260 |
_aChandigarh _bPrinting and Stationery Department _c1982 |
||
| 300 | _a255+p. | ||
| 440 | _aCensus of India 1981. Series-17, Punjab. Part XIII- A & B | ||
| 999 |
_c483206 _d483206 |
||